000 00612cam a2200217 4500500
005 20260405003831.0
041 _afre
042 _adc
100 1 0 _aKhiat, Yasmine
_eauthor
700 1 0 _aCoquillat, Louise
_eauthor
245 0 0 _aClowns à “care” ouvert
260 _c2024.
500 _a81
690 _aClown
690 _aHôpital
690 _aHumeur
690 _aMaladie
690 _aRire
786 0 _nPhilosophie magazine | 178 | 4 | 2024-04-01 | p. 32-33 | 1951-1787
856 4 1 _uhttps://shs.cairn.info/magazine-philosophie-magazine-2024-4-page-32?lang=fr&redirect-ssocas=7080
999 _c2071288
_d2071288